Indycar flips since 2010 - Statistics

General Stats
  • This quiz has been taken 23 times
    11 since last reset
  • The average score is 18 of 27
Answer Stats
Race Car # Answer % Correct
2025 Indy 500Practice #26 Colton Herta
89%
2022Indy 500 Carb Day #26 Colton Herta
89%
2025 Gateway #2 Josef Newgarden
89%
2016Texas #21 Josef Newgarden
89%
2015Indy 500 Practice #21 Josef Newgarden
89%
2011Las Vegas #77 Dan Wheldon
78%
2010Sonoma #4 Dan Wheldon
78%
2024Toronto #14 Santino Ferrucci
78%
2023Mid-Ohio Practice #66 Simon Pagenaud
78%
2024Iowa 2 #41 Sting Ray Robb
78%
2023Indy 500 #27 Kyle Kirkwood
67%
2018Portland #98 Marco Andretti
67%
2011St. Pete #27 Marco Andretti
67%
2024Indy 500 Practice #51 Nolan Siegel
67%
2011Louden #82 Tony Kanaan
67%
2021Texas 2 #59 Conor Daly
56%
2015Indy 500 Practice #20 Ed Carpenter
56%
2015Indy 500 Practice #3 Helio Castroneves
56%
2019 Indy 500 Qualifying #5 James Hinchcliffe
56%
2019Indy 500 Practice #32 Kyle Kaiser
56%
2010Indy 500 #24 Mike Conway
56%
2015Fontana #5 Ryan Briscoe
56%
2017Indy 500 #9 Scott Dixon
56%
2017Indy 500 Qualifying #18 Sebastian Bourdais
56%
2019Pocono #30 Takuma Sato
56%
2011Indy 500 Practice #78 Simona De Silvestro
33%
2011Las Vegas #30 Pippa Mann
11%
No matching quizzes found
Score Distribution
Percent of People with Each Score
Percentile by Number Answered
Your Score History
You have not taken this quiz since the last reset